000
00306nam a2200121Ia 4500
008
190216s9999||||xx |||||||||||||| ||und||
100
_a
Sharma S D
245
0
_a
Operations Research
260
_b
Calicut University Central Co-Operative
_c
1993
300
_a
185p
650
_a
Operation Research
942
_c
BK
999
_c
5525
_d
5525